Rupaul's Drag Race S2 • SUDDEN DEATH - Statistics

General Stats
  • This quiz has been taken 389 times
  • The average score is 10 of 12
Answers on the Grid
Answers color-coded by a green-red scale on the quiz's grid according to % correct below.
Jessica Wild
Jujubee
Sonique
Morgan McMichaels
Mystique Summers Madison
Nicole Paige Brooks
Pandora Boxx
Raven
Sahara Davenport
Shangela
Tatianna
Tyra Sanchez
Jade
Delta Work
Milan
Phoenix
Akashia
Penny Tration
Willam
Manila Luzon
Chad Michaels
Honey Mahogany
Chi Chi DeVayne
Mayhem Miller
Aura Mayari
Suzie Toot
Gawdland
Melinda Verga
Kita Mean
Serena Morena
 
Answer Stats
Answer % Correct
Raven
87%
Jujubee
84%
Morgan McMichaels
84%
Nicole Paige Brooks
84%
Shangela
83%
Tyra Sanchez
83%
Tatianna
82%
Jessica Wild
81%
Sonique
81%
Pandora Boxx
79%
Mystique Summers Madison
77%
Sahara Davenport
77%
No matching quizzes found
Score Distribution
Percent of People with Each Score
Percentile by Number Answered
Your Score History
You have not taken this quiz